Am häufigsten gespielte Stücke beim Wiener Neujahrskonzert - Statistiken

Allgemein
  • Dieses Quiz wurde 22 mal gespielt
  • Das Durchschnittsergebnis liegt bei 5 aus 20
Antwortstatistiken
# Komponist Typ Stück % Korrekt
77 Johann Strauss II Walzer An der schönen blauen Donau, op. 314
100%
73 Johann Strauss I Marsch Radetzky-Marsch, op. 228
88%
19 Johann Strauss II Walzer Kaiser-Walzer, op. 437
41%
18 Johann Strauss II Ouvertüre Die Fledermaus-Ouvertüre
35%
17 Johann Strauss II Polka Tritsch-Tratsch-Polka, op. 214
35%
16 Johann Strauss II Polka Neue Pizzicato-Polka, op. 449
24%
27 Johann Strauss II, Josef Strauss Polka Pizzicato-Polka
24%
18 Johann Strauss II Polka Unter Donner und Blitz, op. 325
24%
14 Johann Strauss II Csárdás Csárdás aus "Ritter Pasman", op. 441
12%
28 Johann Strauss II Scherz Perpetuum mobile, op. 257
12%
18 Josef Strauss Walzer Sphärenklänge, op. 235
12%
17 Johann Strauss II Polka Vergnügungszug, op. 281
12%
18 Johann Strauss II Polka Auf der Jagd, op. 373
6%
14 Johann Strauss II Galopp Banditen-Galopp, op. 378
6%
16 Josef Strauss Polka Eingesendet, op. 240
6%
16 Johann Strauss II Polka Éljen a Magyar!, op. 332
6%
16 Josef Strauss Polka Jokey-Polka, op. 278
6%
17 Josef Strauss Polka Ohne Sorgen, op. 271
6%
15 Josef Strauss Scherz Plappermäulchen, op. 245
6%
15 Josef Strauss Polka Die Libelle, op. 204
0%
Keine übereinstimmenden Quizze gefunden
Verteilung der Resultate
Anzahl Personen mit jedem Resultat
Perzentil nach korrekt beantworteten Fragen
Ihre Resultats-Entwicklung
Sie haben dieses Quiz noch nicht gespielt